Statistics for Mal's General Knowledge 23

Click here to take the quiz!

General Stats

  • This quiz has been taken 79 times
  • The average score is 10 of 20

Answer Stats

Hint Answer % Correct
1) How many men have walked on the Moon?12
85%
2) What is 0.5 x 0.5 x 0.5?0.125
77%
10) What is the English name for Element No. 82 with the symbol Pb?Lead
76%
20) What is the name of the disused prison in San Francisco's harbour?Alcatraz
76%
4) Which of the 'Solar Planets' would float on water (i.e. has the lowest density)?Saturn
68%
13) Who wrote the detective novel "Murder on the Orient Express"?Agatha Christie
65%
15) Bile, produced in the liver is stored where?The Gallbladder
59%
3) Who composed the 'Bagatelle in A minor' known as 'Für Elise'?Ludwig van Beethoven
56%
12) During a 'Cricket International Test Match' how many people are on the field at any one time?15 (13 players + 2 umpires)
55%
14) Every second the Sun converts 580 million tonne of Hydrogen into which other element?Helium
47%
11) What is a 'Durian'?Fruit / Tree
47%
16) What is Ireland's longest river?The Shannon
32%
6) What is the capital city of the Central African Republic?Bangui
30%
17) What is the white part of the inside of an egg called?The Albumen
30%
18) What is the name given to an Eagle's nest?Eyrie
30%
7) The light from the brightest star visible from Earth takes 8.6 years to reach us, what is it's name?Sirius
29%
8) On what island is 'Borobudur' the worlds largest Buddhist Temple?Java
26%
5) 'No normal bard' .. is an anagram of which famous movie star's name?Marlon Brando
24%
19) 'Edson Arantes do Nascimento' is commonly known as who?Pelé
24%
9) Which birds lay the largest eggs relative to their body size of any bird in the world?Kiwi
14%

Score Distribution

Percentile by Number Answered

Percent of People with Each Score

Your Score History

You have not taken this quiz